5HLuxD.jpg

KING HENRY VIII SENIOR AND PRIMARY SCHOOL LIBRARY OPAC

Bitterblue / (Record no. 82)

000 -LEADER
fixed length control field 01618cam a2200553Ia 4500
001 - CONTROL NUMBER
control field 778417990
003 - CONTROL NUMBER IDENTIFIER
control field OCoLC
005 - DATE AND TIME OF LATEST TRANSACTION
control field 20190725093718.0
008 - FIXED-LENGTH DATA ELEMENTS--GENERAL INFORMATION
fixed length control field 120226s2012 sp ab 000 1 spa d
020 ## - INTERNATIONAL STANDARD BOOK NUMBER
International Standard Book Number 9788499184357 (pbk.)
020 ## - INTERNATIONAL STANDARD BOOK NUMBER
International Standard Book Number 8499184359 (pbk.)
035 ## - SYSTEM CONTROL NUMBER
System control number (OCoLC)778417990
040 ## - CATALOGING SOURCE
Original cataloging agency BTCTA
Language of cataloging eng
Transcribing agency BTCTA
Modifying agency YDXCP
041 1# - LANGUAGE CODE
Language code of text/sound track or separate title spa
Language code of original eng
082 04 - DEWEY DECIMAL CLASSIFICATION NUMBER
Classification number FIC CAS
Edition number 22
091 ## - MICROFILM SHELF LOCATION (AM) [OBSOLETE]
Microfilm shelf location FIC
100 1# - MAIN ENTRY--PERSONAL NAME
Personal name Cashore, Kristin.
Relator term author
240 10 - UNIFORM TITLE
Uniform title Bitterblue.
Language of a work Spanish.
245 10 - TITLE STATEMENT
Title Bitterblue /
Statement of responsibility, etc. Kristin Cashore ; traduccion de Mila Lopez Diaz-Guerra.
250 ## - EDITION STATEMENT
Edition statement 1st ed.
260 ## - PUBLICATION, DISTRIBUTION, ETC.
Place of publication, distribution, etc. Barcelona :
Name of publisher, distributor, etc. Roca Editorial,
Date of publication, distribution, etc. 2012.
300 ## - PHYSICAL DESCRIPTION
Extent 501 p. :
Other physical details ill., maps ;
Dimensions 23 cm.
490 ## - SERIES STATEMENT
Series statement Graceling
500 ## - GENERAL NOTE
General note Sequel to: Graceling.
500 ## - GENERAL NOTE
General note Traduccion de = Translation of: Bitterblue.
546 ## - LANGUAGE NOTE
Language note In Spanish.
650 #0 - SUBJECT ADDED ENTRY--TOPICAL TERM
Topical term or geographic name entry element Young women
General subdivision Conduct of life
Form subdivision Fiction.
650 #0 - SUBJECT ADDED ENTRY--TOPICAL TERM
Topical term or geographic name entry element Conduct of life
Form subdivision Fiction.
650 #0 - SUBJECT ADDED ENTRY--TOPICAL TERM
Topical term or geographic name entry element Imaginary places
Form subdivision Fiction.
650 #0 - SUBJECT ADDED ENTRY--TOPICAL TERM
Topical term or geographic name entry element Ability
Form subdivision Fiction.
650 #0 - SUBJECT ADDED ENTRY--TOPICAL TERM
Topical term or geographic name entry element Telepathy
Form subdivision Fiction.
650 #0 - SUBJECT ADDED ENTRY--TOPICAL TERM
Topical term or geographic name entry element Magic
Form subdivision Fiction.
650 #0 - SUBJECT ADDED ENTRY--TOPICAL TERM
Topical term or geographic name entry element Good and evil
Form subdivision Fiction.
650 #0 - SUBJECT ADDED ENTRY--TOPICAL TERM
Topical term or geographic name entry element Queens
Form subdivision Fiction.
650 #0 - SUBJECT ADDED ENTRY--TOPICAL TERM
Topical term or geographic name entry element Charms
Form subdivision Fiction.
653 0# - INDEX TERM--UNCONTROLLED
Uncontrolled term Materiales en espanol.
655 #7 - INDEX TERM--GENRE/FORM
Genre/form data or focus term Young adult fiction.
Source of term lcsh.
655 #7 - INDEX TERM--GENRE/FORM
Genre/form data or focus term Fantasy fiction.
Source of term lcgft.
655 #0 - INDEX TERM--GENRE/FORM
Genre/form data or focus term Spanish language materials.
700 1# - ADDED ENTRY--PERSONAL NAME
Personal name Lopez Diaz-Guerra, Mila.
Relationship Translator
901 ## - LOCAL DATA ELEMENT A, LDA (RLIN)
a INGRAMD140310C
901 ## - LOCAL DATA ELEMENT A, LDA (RLIN)
a INGRAMD20140103C
901 ## - LOCAL DATA ELEMENT A, LDA (RLIN)
a jao
b CATBL
901 ## - LOCAL DATA ELEMENT A, LDA (RLIN)
a BTCLS
908 #4 - PUT COMMAND PARAMETER (RLIN)
Put command parameter PZ7.C26823
942 ## - ADDED ENTRY ELEMENTS (KOHA)
Source of classification or shelving scheme
Koha item type Books - Fiction
945 ## - LOCAL PROCESSING INFORMATION (OCLC)
a .o17631531
945 ## - LOCAL PROCESSING INFORMATION (OCLC)
a .o15936454
Holdings
Withdrawn status Lost status Source of classification or shelving scheme Damaged status Not for loan Collection code Permanent Location Current Location Shelving location Date acquired Total Checkouts Full call number Barcode Date last seen Date last checked out Price effective from Koha item type
          Fiction KH8 Senior School Library KH8 Senior School Library Fiction 2019-07-25 1 FIC CAS 3KHSL000101007 2024-07-16 2023-10-05 2019-07-25 Books - Fiction

Powered By KH8 IT Dept